| 000 | 00565nam a22001577a 4500 | ||
|---|---|---|---|
| 003 | LRUA | ||
| 005 | 20200428144450.0 | ||
| 008 | 200428b xxu||||| |||| 00| 0 eng d | ||
| 040 | _cRUA | ||
| 082 | _aRUB THA 2018 B662 Or.1 | ||
| 100 |
_914234 _aTHAN VIRAK ថន វិរៈ |
||
| 245 | _acompare the growth of four rubber clones (RRIC 100, pb 260 PB235 និងGT1)នៅក្រុមហ៊ុន ម៉ុងឬទ្ធី គ្រុប ខូអិលធីធី | ||
| 260 |
_aRUA _bPhnom penh _c2018 |
||
| 300 |
_aix40p _bill; _c29cm |
||
| 942 |
_2ddc _cRUB |
||
| 999 |
_c19164 _d19164 |
||